The king of Thailand in world focus : articles and images from the international press 1946-2006

Bibliographic Details
Corporate Author: Foreign Correspondents' Club of Thailand
Other Authors: Bhumibol Adulyadie, King of Thailand. 1927-
Format: Book
Published: Singapore : Didier Millet , 2007
Subjects:

MARC

LEADER 00000cam a2200000 7i4500
001 0000019102
005 20080626.0
008 080612
020 |a 9747348545 
090 0 0 |a 959.3044092   |b KIN 
245 1 4 |a The king of Thailand in world focus :   |b articles and images from the international press 1946-2006   |c editors Denis D. Gray [et...al] 
260 |a Singapore :   |b Didier Millet ,   |c 2007 
650 0 |a Bhumibol Adulyadie, King of Thailand, 1927- 
650 0 |a Thailand   |x King and rules   |x biography 
650 0 |a Thailand   |x politics and government 
700 1 |a Bhumibol Adulyadie, King of Thailand. 1927- 
710 1 |a Foreign Correspondents' Club of Thailand 
999 |a 0001024072   |b Book   |c REFERENCE   |e Perbadanan Perpustakaan Awam Johor